Elogio de la locura

Kaydedildi:
Detaylı Bibliyografya
Yazar: Erasmo, Desiderio (Yazar)
Materyal Türü: Kitap
Dil:İspanyolca
Baskı/Yayın Bilgisi: Madrid Espasa Calpe 1979
Edisyon:7a. ed
Seri Bilgileri:Colección Austral, 1179
Konular:
Etiketler: Etiketle
Etiket eklenmemiş, İlk siz ekleyin!

MARC

LEADER 00000nam a2200000 a 4500
001 UCW6370
003 CL-VaPUC
005 20240508131739.0
008 911129e19790000SP |||||||||||||||||spa|d
999 |c 219452  |d 219450 
040 |c Pontificia Universidad Católica de Valparaíso 
082 0 4 |a 144  |b ERA  |2 21 
100 0 |a Erasmo, Desiderio  |e author  |9 265915 
245 1 0 |a Elogio de la locura 
250 |a 7a. ed 
260 |a Madrid  |b Espasa Calpe  |c 1979 
300 |a 147 p 
490 0 |a Colección Austral, 1179 
583 |a last modification  |c 19911129 00:00:00  |k Rodrigo Vera 
650 0 |a Humanismo  |9 256530  |x Aspectos religiosos 
650 0 |a Ensayos holandeses  |y Siglo 15  |9 888833 
650 0 |a Sátira  |y Siglo 15  |9 888834 
942 |c BK  |2 ddc 
945 |d 19911129 00:00:00 
952 |0 0  |1 0  |4 0  |6 144_000000000000000_ERA_1979  |7 0  |8 A  |9 210388  |a FDOPOS  |b FDOPOS  |d 2019-11-15  |i 2785064  |o 144 ERA 1979  |p 2785064  |r 2025-01-22  |w 2019-11-15  |y BK  |k MLH 
952 |0 0  |1 0  |4 0  |6 144_000000000000000_ERA_1979  |7 0  |8 R  |9 210389  |a BIBHIS  |b BIBHIS  |d 2019-11-15  |i 2785099  |o 144 ERA 1979  |p 2785099  |r 2024-01-30  |w 2019-11-15  |y BK_R  |k HIS